Kikuyu-English dictionary. (Record no. 43509)
[ view plain ]
| 000 -LEADER | |
|---|---|
| fixed length control field | 00742nam a22002291a 4500 |
| 001 - CONTROL NUMBER | |
| control field | 8919748 |
| 005 - DATE AND TIME OF LATEST TRANSACTION | |
| control field | 20110718134039.0 |
| 008 - FIXED-LENGTH DATA ELEMENTS--GENERAL INFORMATION | |
| fixed length control field | 821101s1964 enk d 000 0 eng |
| 010 ## - LIBRARY OF CONGRESS CONTROL NUMBER | |
| LC control number | 64002796 |
| 035 ## - SYSTEM CONTROL NUMBER | |
| -- | (DLC) 64002796 |
| 040 ## - CATALOGING SOURCE | |
| Original cataloging agency | DLC |
| Transcribing agency | CarP |
| Modifying agency | DLC |
| 050 00 - LIBRARY OF CONGRESS CALL NUMBER | |
| Classification number | PL 8379.B4 1964 |
| Item number | PL 8379.B4 1964 |
| 100 1# - MAIN ENTRY--PERSONAL NAME | |
| Personal name | Benson, T. G. [from old catalog] |
| 245 10 - TITLE STATEMENT | |
| Title | Kikuyu-English dictionary. |
| Medium | [Text] |
| 260 ## - PUBLICATION, DISTRIBUTION, ETC. (IMPRINT) | |
| Place of publication, distribution, etc | Oxford |
| Name of publisher, distributor, etc | Clarendon Press |
| Date of publication, distribution, etc | 1964 |
| 300 ## - PHYSICAL DESCRIPTION | |
| Extent | xlix, 562 p. 20 |
| 650 #0 - SUBJECT ADDED ENTRY--TOPICAL TERM | |
| Topical term or geographic name as entry element | Kikuyu language - Dictionaries - English |
| 906 ## - LOCAL DATA ELEMENT F, LDF (RLIN) | |
| a | 0 |
| b | cbc |
| c | premver |
| d | u |
| e | ncip |
| f | 19 |
| g | y-gencatlg |
| 985 ## - | |
| -- | cj09 |
| -- | enh |
| 991 ## - | |
| -- | c-GenColl |
| -- | PL8379 |
| -- | .B4 |
| -- | Copy 1 |
| -- | PREM |
| 991 ## - | |
| -- | r-CatRef |
| -- | PL8379 |
| -- | .B4 |
| -- | AfrHLCD (LM545) |
| -- | GenBib bi 95-005619 |
| Withdrawn status | Lost status | Source of classification or shelving scheme | Damaged status | Not for loan | Collection code | Home library | Current library | Shelving location | Date acquired | Source of acquisition | Cost, normal purchase price | Full call number | Barcode | Date last seen | Copy number | Price effective from | Koha item type |
|---|---|---|---|---|---|---|---|---|---|---|---|---|---|---|---|---|---|
| Library of Congress Classification | Special Collection | AIU/NEGST - Tony Wilmot Memorial Library | AIU/NEGST - Tony Wilmot Memorial Library | Special Collection | 02/17/2010 | Donation- SIL | 25.00 | S PL 8379.B4 1964 | R36973F3232 | 09/26/2019 | 1 | 02/17/2010 | Africana Collection (Special) |
